000 00625nam a2200241Ia 4500
003 OSt
005 20220918205224.0
006 a|||||r|||| 00| 0
007 ta
008 220917b |||||||| |||| 00| 0 eng d
024 _a115,785
037 _cTextual
040 _aARTS
_cARTS
_beng
041 _2eng
_aeng
082 _aV615:8tN60, K0;1
110 _aNyasaland, Southworth Commission, 1960
_9114486
245 0 _aReport
260 _c1960
650 _aHISTORY
700 _aNyasaland, Southworth Commission, 1960
_9114487
942 _hV615:8tN60, K0;1
_cTEXL
_2CC
999 _c239114
_d239114